| 000 | 01015cam a22003253a 4500 | ||
|---|---|---|---|
| 001 | 2833 | ||
| 003 | PGUSA | ||
| 005 | 20140828083022.0 | ||
| 008 | 010901s2001||||xxu|||||s|||||000 1 eng d | ||
| 040 |
_aPGUSA _beng |
||
| 042 | _adc | ||
| 050 | 4 | _aPS | |
| 100 | 1 |
_aJames, Henry, _d1843-1916 |
|
| 245 | 1 | 4 |
_aThe Portrait of a Lady — Volume 1 _h[electronic resource] / _cHenry James |
| 260 |
_bProject Gutenberg, _c2001 |
||
| 506 | _aPublic domain in the USA. | ||
| 516 | _aElectronic text | ||
| 653 | _aArcher, Isabel (Fictitious character) -- Fiction | ||
| 653 | _aItaly -- Fiction | ||
| 653 | _aInheritance and succession -- Fiction | ||
| 653 | _aFathers and daughters -- Fiction | ||
| 653 | _aPsychological fiction | ||
| 653 | _aTriangles (Interpersonal relations) -- Fiction | ||
| 653 | _aLove stories | ||
| 653 | _aAmericans -- Italy -- Fiction | ||
| 653 | _aMarried women -- Fiction | ||
| 830 | 0 |
_aProject Gutenberg _v2833 |
|
| 856 | 4 | 0 | _uhttp://www.gutenberg.org/ebooks/2833 |
| 942 | _cEB | ||
| 999 |
_c232165 _d232165 |
||